00934nam a2200265 a 450000100060000000300090000600800410001502000180005603500190007404000280009308200140012110000390013524500910017425000120026526000320027730000110030949000220032059100530034260000520039565000300044765000260047794200120050399900170051595201360053223443CO-ViMGA141112s2004 ck r 000 u spa d a9788420647690 a(Sirsi) a23716 aCO-ViMGAbspacCO-ViMGA04a853 B762m1 aBroch, Hermann, 1886 - 195193379810aLa muerte de Virgilio / cversión de J. M. Ripalda sobre traducción de A. Gregori. a2a. ed. aMadrid : bAlinaza, c1980. a566 p. aAlianza Literaria a928.71 V47m 2 ed. ej. 1 51850 1982 884.80 compra aVirgilius Maro, Publius, 70 - 19 a de C.93379914aLiteratura italiana9269014aNovela Italiana92688 2ddccBK c31596d31596 00102ddc40708003aMEVIECARbMEVIECARd2015-12-04h28/dic/2010l0o853 B762m p23880r2018-07-13 00:00:00tEj. 1w2015-12-04yBK